BUBT Library Online Catalog

বঙ্গমাতা বেগম ফজিলাতুননেছা মুজিব রেণু জীবনচরিত / (Record no. 7330)

000 -LEADER
fixed length control field 00949nam a22002177a 4500
003 - CONTROL NUMBER IDENTIFIER
control field BUBTL
008 - FIXED-LENGTH DATA ELEMENTS--GENERAL INFORMATION
fixed length control field 240604b ||||| |||| 00| 0 eng d
020 ## - INTERNATIONAL STANDARD BOOK NUMBER
International Standard Book Number 9789849557623
041 ## - LANGUAGE CODE
Language code of text/sound track or separate title ben
082 ## - DEWEY DECIMAL CLASSIFICATION NUMBER
Classification number 954.925/ T15b/ 2022
100 ## - MAIN ENTRY--PERSONAL NAME
9 (RLIN) 5841
Personal name তামান্না, মনোয়ারা বেগম
245 ## - TITLE STATEMENT
Title বঙ্গমাতা বেগম ফজিলাতুননেছা মুজিব রেণু জীবনচরিত /
Statement of responsibility, etc. মনোয়ারা বেগম তামান্না, রুবানা শারমীন
250 ## - EDITION STATEMENT
Edition statement 1st ed.
260 ## - PUBLICATION, DISTRIBUTION, ETC. (IMPRINT)
Place of publication, distribution, etc. ঢাকা:
Name of publisher, distributor, etc. বায়ান্ন বাংলা গবেষণা সংস্থা,
Date of publication, distribution, etc. c2022
300 ## - PHYSICAL DESCRIPTION
Extent 687 p.:
Other physical details ills.;
Dimensions 22.5 cm.
650 #0 - SUBJECT ADDED ENTRY--TOPICAL TERM
9 (RLIN) 3574
Topical term or geographic name as entry element বঙ্গবন্ধু
700 ## - ADDED ENTRY--PERSONAL NAME
9 (RLIN) 5840
Personal name শারমীন, রুবানা
856 ## - ELECTRONIC LOCATION AND ACCESS
Password 0
Logon 0
Link text Download
942 ## - ADDED ENTRY ELEMENTS (KOHA)
Source of classification or shelving scheme
Koha item type Books
Holdings
Withdrawn status Lost status Source of classification or shelving scheme Damaged status Not for loan Collection code Permanent location Current location Shelving location Date acquired Source of acquisition Inventory number Total Checkouts Full call number Barcode Date last seen Copy number Price effective from Koha item type
        Not For Loan Non-fiction Bangladesh University of Business and Technology Library Bangladesh University of Business and Technology Library Historical Books 05/30/2024 Purchase 30070   954.925/ T15b/ 2022 BUBTL-200330070 06/04/2024 C-1 06/04/2024 Books
          Non-fiction Bangladesh University of Business and Technology Library Bangladesh University of Business and Technology Library Historical Books 05/30/2024 Purchase 30071   954.925/ T15b/ 2022 BUBTL-200330071 06/04/2024 C-2 06/04/2024 Books
          Non-fiction Bangladesh University of Business and Technology Library Bangladesh University of Business and Technology Library Historical Books 05/30/2024 Purchase 30072   954.925/ T15b/ 2022 BUBTL-200330072 06/04/2024 C-3 06/04/2024 Books
          Non-fiction Bangladesh University of Business and Technology Library Bangladesh University of Business and Technology Library Historical Books 05/30/2024 Purchase 30073   954.925/ T15b/ 2022 BUBTL-200330073 06/04/2024 C-4 06/04/2024 Books
          Non-fiction Bangladesh University of Business and Technology Library Bangladesh University of Business and Technology Library Historical Books 05/30/2024 Purchase 30074   954.925/ T15b/ 2022 BUBTL-200330074 06/04/2024 C-5 06/04/2024 Books

More Information About Library

Library Hours

  • Open: 9.00 am. to 9.00 pm.
  • Only Sunday: 9.00 am. to 6.00 pm.
  • Closed: Holiday

Contact to the University

Bangladesh University of Business and Technology Library

  • Mirpurl-2, 1216.
  • Phone:
  • Fax:
  • E-Mail: admin.library@bubt.edu.bd

Contact to the Library

Contact Person:

Md. Abdul Hakim Shah
Joint Librarian
PABX No:  113
Cell No: 01816332931
E-mail: official: admin.library@bubt.edu.bd
Personal: hakim.shah@bubt.edu.bd


BUBT Library

Copyright © 2021